|
|
|
|
| LEADER |
00000nam0a2200000 4500 |
| 001 |
112502 |
| 005 |
20231101215050.0 |
| 035 |
|
|
|a (RuTPU)RU\TPU\book\121644
|
| 090 |
|
|
|a 112502
|
| 100 |
|
|
|a 20070329d1981 k y0rusy50 ca
|
| 101 |
0 |
|
|a rus
|
| 102 |
|
|
|a RU
|
| 105 |
|
|
|a y b 000zy
|
| 200 |
1 |
|
|a Каталог сокращённых масс-спектров
|e каталог
|f Академия наук СССР (АН СССР), Сибирское отделение (СО), Институт катализа им. Г. К. Борескова (ИК) ; сост. В. Н. Сидельников, Л. В. Гурьянова, В. А. Уткин, В. В Малахов; под ред. А. М. Колчина
|
| 210 |
|
|
|a Новосибирск
|c Наука
|d 1981
|
| 215 |
|
|
|a 188 с.
|
| 606 |
1 |
|
|a Масс-спектрометрия
|2 stltpush
|3 (RuTPU)RU\TPU\subj\73761
|9 86572
|
| 610 |
1 |
|
|a каталоги
|
| 610 |
1 |
|
|a спектры
|
| 610 |
1 |
|
|a масс-спектральный анализ
|
| 675 |
|
|
|a 543.51(085)
|v 3
|
| 702 |
|
1 |
|a Сидельников
|b В. Н.
|4 220
|
| 702 |
|
1 |
|a Гурьянова
|b Л. В.
|4 220
|
| 702 |
|
1 |
|a Уткин
|b В. А.
|4 220
|
| 702 |
|
1 |
|a Малахов
|b В. В
|4 220
|
| 702 |
|
1 |
|a Колчин
|b А. М.
|4 340
|
| 712 |
0 |
2 |
|a Академия наук СССР (АН СССР)
|b Сибирское отделение (СО)
|b Институт катализа им. Г. К. Борескова (ИК)
|c (Новосибирск)
|2 stltpush
|3 (RuTPU)RU\TPU\col\11571
|
| 801 |
|
1 |
|a RU
|b 63413507
|c 20070329
|g PSBO
|
| 801 |
|
2 |
|a RU
|b 63413507
|c 20230214
|g PSBO
|
| 942 |
|
|
|c BK
|